| 000 | 00542cam a22002291 4500 | ||
|---|---|---|---|
| 001 | sa 68006493 | ||
| 003 | DLC | ||
| 005 | 20260227112516.0 | ||
| 008 | 890703s1962 ii b 000 0 kano | ||
| 010 | _asa 68006493 | ||
| 035 | _a(OCoLC)19958662 | ||
| 040 |
_aDLC _cWaU _dDLC |
||
| 042 | _apremarc | ||
| 050 | 0 | 0 |
_aPN58 _b.P8 |
| 100 | 0 |
_aKuvempu, _d1904-1994. |
|
| 245 | 1 | 0 | _aRasō vai saḥ. |
| 260 | _c[1962] | ||
| 300 |
_a136 p. _c19 cm. |
||
| 500 | _aIn Kannada. | ||
| 504 | _aBibliographical footnotes. | ||
| 650 | 0 | _aLiterature. | |
| 999 |
_c81336 _d81336 |
||